[Event "Volgograd CC 25"]
[White "Rakhimov, Zinnour K"]
[Black "Gusev, Alex"]
[Site "Volgograd"]
[Round "7"]
[Result "1-0"]
[Date "2009.10.09"]
[WhiteElo "2419"]
[BlackElo "2049"]
[PlyCount "99"]
[EventDate "2009.10.03"]
[EventType "swiss"]
[EventRounds "9"]
[EventCountry "RUS"]
[SourceTitle "EXT 2012"]
[Source "ChessBase"]
[SourceDate "2011.11.24"]
[SourceVersion "1"]
[SourceVersionDate "2011.11.24"]
[SourceQuality "1"]

1. e4 e5 2. Nf3 f5 3. d3 Nc6 4. Be2 Nf6 5. Nc3 Bc5 6. Bg5 0-0 7. Nd5 Be7 8. Bxf6 Bxf6 9. exf5 d6 10. g4 Ne7 11. Nc3 Nc6 12. Qd2 d5 13. Rg1 Be7 14. h4 Bb4 15. a3 Ba5 16. b4 Bb6 17. Na4 Qe7 18. Nxb6 axb6 19. c3 d4 20. Kf1 dxc3 21. Qxc3 Kh8 22. d4 exd4 23. Nxd4 Qe5 24. Nb5 Qxc3 25. Nxc3 Nxb4 26. Nb5 c6 27. Kg2 Nd5 28. Nd6 Nf4+ 29. Kf3 Nxe2 30. Kxe2 Ra4 31. f3 Kg8 32. Kf2 Rd8 33. Rgd1 h5 34. Kg3 hxg4 35. fxg4 b5 36. Nxc8 Rxc8 37. Rd7 Re8 38. Rxb7 Ree4 39. g5 Rg4+ 40. Kf3 Raf4+ 41. Ke3 Rxf5 42. Rc1 Rxh4 43. g6 Rc4 44. Rb8+ Rf8 45. Rxf8+ Kxf8 46. Rxc4 bxc4 47. Kd4 c3 48. Kxc3 Ke7 49. Kc4 Kd6 50. a4 1-0

[Event "Volgograd CC 25"]
[White "Kubatko, Ivan"]
[Black "Rakhimov, Zinnour K"]
[Site "Volgograd"]
[Round "1"]
[Result "1/2-1/2"]
[Date "2009.10.03"]
[WhiteElo "2119"]
[BlackElo "2419"]
[PlyCount "62"]
[EventDate "2009.10.03"]
[EventType "swiss"]
[EventRounds "9"]
[EventCountry "RUS"]
[SourceTitle "EXT 2012"]
[Source "ChessBase"]
[SourceDate "2011.11.24"]
[SourceVersion "1"]
[SourceVersionDate "2011.11.24"]
[SourceQuality "1"]

1. e4 Nf6 2. e5 Nd5 3. c4 Nb6 4. c5 Nd5 5. Nc3 Nxc3 6. dxc3 d5 7. cxd6 exd6 8. Nf3 Nc6 9. Bf4 d5 10. Bd3 Be7 11. Qd2 Be6 12. 0-0 Qd7 13. Rfe1 h6 14. b4 g5 15. Be3 g4 16. Nd4 Nxe5 17. Nxe6 Qxe6 18. Bd4 f6 19. Bg6+ Kd8 20. Qc2 Bd6 21. Bf5 Qf7 22. Bxe5 fxe5 23. Bxg4 h5 24. Qf5 Qxf5 25. Bxf5 c6 26. b5 Ke7 27. bxc6 bxc6 28. Rab1 Rab8 29. Rxb8 Rxb8 30. Rb1 Rxb1+ 31. Bxb1 e4 1/2-1/2

[Event "Alushta Summer 3rd"]
[White "Rakhimov, Zinnour K"]
[Black "Abbasov, Farid"]
[Site "Alushta"]
[Round "11"]
[Result "1/2-1/2"]
[Date "2004.06.15"]
[WhiteElo "2437"]
[BlackElo "2435"]
[PlyCount "41"]
[EventDate "2004.06.05"]
[EventType "tourn"]
[EventRounds "11"]
[EventCountry "UKR"]
[EventCategory "7"]
[SourceTitle "CBM 100 Extra"]
[Source "ChessBase"]
[SourceDate "2004.07.06"]
[SourceVersion "2"]
[SourceVersionDate "2004.07.06"]
[SourceQuality "1"]

1. e4 g6 2. d4 Bg7 3. c4 d6 4. Nc3 e5 5. dxe5 dxe5 6. Qxd8+ Kxd8 7. Be3 Be6 8. Nf3 f6 9. Be2 Nh6 10. h3 Nd7 11. 0-0 Nf7 12. Rfd1 Kc8 13. Rac1 Rd8 14. Nd5 Bf8 15. Kf1 c6 16. a3 Nd6 17. Nd2 Kb8 18. Nc3 Be7 19. c5 Nf7 20. Na4 Kc7 21. Nc4 1/2-1/2

[Event "Alushta Summer 3rd"]
[White "Rakhimov, Zinnour K"]
[Black "Shtyrenkov, Veniamen"]
[Site "Alushta"]
[Round "9"]
[Result "1/2-1/2"]
[Date "2004.06.13"]
[WhiteElo "2437"]
[BlackElo "2449"]
[PlyCount "26"]
[EventDate "2004.06.05"]
[EventType "tourn"]
[EventRounds "11"]
[EventCountry "UKR"]
[EventCategory "7"]
[SourceTitle "CBM 100 Extra"]
[Source "ChessBase"]
[SourceDate "2004.07.06"]
[SourceVersion "2"]
[SourceVersionDate "2004.07.06"]
[SourceQuality "1"]

1. e4 c5 2. Nc3 Nc6 3. Nf3 e6 4. d4 cxd4 5. Nxd4 Nf6 6. Nxc6 bxc6 7. Bd3 e5 8. 0-0 a5 9. Qe2 Bc5 10. Bg5 h6 11. Bh4 d6 12. Kh1 g5 13. Bg3 h5 1/2-1/2

[Event "Alushta Summer 3rd"]
[White "Derjabin, Ilja"]
[Black "Rakhimov, Zinnour K"]
[Site "Alushta"]
[Round "3"]
[Result "1/2-1/2"]
[Date "2004.06.07"]
[WhiteElo "2391"]
[BlackElo "2437"]
[PlyCount "81"]
[EventDate "2004.06.05"]
[EventType "tourn"]
[EventRounds "11"]
[EventCountry "UKR"]
[EventCategory "7"]
[SourceTitle "CBM 100 Extra"]
[Source "ChessBase"]
[SourceDate "2004.07.06"]
[SourceVersion "2"]
[SourceVersionDate "2004.07.06"]
[SourceQuality "1"]

1. d4 d5 2. c4 e6 3. Nc3 c6 4. Nf3 f5 5. Bf4 Nf6 6. e3 Be7 7. Bd3 0-0 8. 0-0 Ne4 9. h3 Qe8 10. Ne5 Nd7 11. f3 Nxc3 12. bxc3 Bf6 13. Nxd7 Bxd7 14. Bd6 Be7 15. Be5 Bf6 16. f4 Bxe5 17. fxe5 Qe7 18. Qb3 b6 19. a4 Qg5 20. Rf4 Be8 21. Qa3 Bh5 22. Kh2 Rad8 23. cxd5 cxd5 24. c4 dxc4 25. Bxc4 Qh6 26. Raf1 Kh8 27. R4f2 g5 28. Qe7 Rde8 29. Qd6 g4 30. Rf4 gxh3 31. g3 Bg4 32. d5 Rg8 33. dxe6 Rd8 34. Qe7 Rd2+ 35. R1f2 Qxf4 36. gxf4 Rxf2+ 37. Kg3 Rg2+ 38. Kh4 h2 39. Qf6+ Rg7 40. Qd8+ Rg8 41. Qf6+ 1/2-1/2

[Event "Alushta Summer 3rd"]
[White "Rakhimov, Zinnour K"]
[Black "Tishin, Dmitry"]
[Site "Alushta"]
[Round "2"]
[Result "0-1"]
[Date "2004.06.06"]
[WhiteElo "2437"]
[BlackElo "2372"]
[PlyCount "124"]
[EventDate "2004.06.05"]
[EventType "tourn"]
[EventRounds "11"]
[EventCountry "UKR"]
[EventCategory "7"]
[SourceTitle "CBM 100 Extra"]
[Source "ChessBase"]
[SourceDate "2004.07.06"]
[SourceVersion "2"]
[SourceVersionDate "2004.07.06"]
[SourceQuality "1"]

1. e4 c6 2. d4 d5 3. Nc3 dxe4 4. Nxe4 Nd7 5. Bd3 Ngf6 6. Ng5 e6 7. N1f3 Bd6 8. Qe2 h6 9. Nxe6 fxe6 10. Bg6+ Kf8 11. 0-0 Qe7 12. Ne5 Bxe5 13. dxe5 Nd5 14. c4 Nc7 15. Rd1 Kg8 16. Be3 Nf8 17. Be4 Bd7 18. Rd2 Be8 19. Rad1 Bf7 20. g3 Na6 21. Rd6 Qe8 22. b4 Bg6 23. Bf3 Nxb4 24. Qb2 Qf7 25. Kg2 Na6 26. R1d4 Kh7 27. Qd2 Bf5 28. g4 Bg6 29. h4 h5 30. Rf4 Qe8 31. Qb2 hxg4 32. Bxg4 b6 33. Bf3 Rc8 34. Qa3 Nb8 35. Qxa7 Kg8 36. Bxb6 Bf5 37. h5 Nfd7 38. Rfd4 Nxb6 39. Qxb6 Kh7 40. Qb7 Rf8 41. Qb2 Qe7 42. Qc1 c5 43. Rd1 Bh3+ 44. Kg3 Bf5 45. Qe3 Rc7 46. a4 Ra7 47. Ra1 Ra5 48. Ra2 Nd7 49. Rad2 Nb8 50. Rb2 Ra7 51. Bg2 Rc8 52. f4 Rxa4 53. Rb7 Qe8 54. Bf3 Rxc4 55. Qa3 Rb4 56. Rxb4 cxb4 57. Qxb4 Qe7 58. Qd4 Qc7 59. Rb6 Qc1 60. Rb7 Rc4 61. Qf2 Qxf4+ 62. Kg2 Rc2 0-1

[Event "Alushta Summer 3rd"]
[White "Kuznetsov, Viktor2"]
[Black "Rakhimov, Zinnour K"]
[Site "Alushta"]
[Round "1"]
[Result "1-0"]
[Date "2004.06.05"]
[WhiteElo "2375"]
[BlackElo "2437"]
[PlyCount "87"]
[EventDate "2004.06.05"]
[EventType "tourn"]
[EventRounds "11"]
[EventCountry "UKR"]
[EventCategory "7"]
[SourceTitle "CBM 100 Extra"]
[Source "ChessBase"]
[SourceDate "2004.07.06"]
[SourceVersion "2"]
[SourceVersionDate "2004.07.06"]
[SourceQuality "1"]

1. e4 c5 2. Nf3 Nc6 3. Nc3 d6 4. d4 cxd4 5. Nxd4 e5 6. Nf3 Be7 7. Be2 Nf6 8. Bg5 Be6 9. 0-0 0-0 10. Qd2 Ng4 11. Rad1 f6 12. Bh4 Qd7 13. Nd5 Rad8 14. c3 f5 15. Ng5 Bxg5 16. Bxg5 Nf6 17. Bxf6 gxf6 18. f4 Kh8 19. exf5 Bxd5 20. Qxd5 exf4 21. Rxf4 Ne5 22. Qd4 b6 23. Qf2 Rg8 24. Bc4 Rg5 25. Be6 Qc6 26. Kh1 Ng4 27. Qf3 Qxf3 28. Rxf3 Kg7 29. h4 Rh5 30. g3 Kf8 31. Rf4 Ne5 32. Ra4 a5 33. b4 Nc6 34. bxa5 bxa5 35. Kg2 d5 36. Kh3 Rd6 37. Re1 d4 38. g4 Rh6 39. cxd4 Nxd4 40. Re3 Nc2 41. Rc3 Nd4 42. Rd3 Nxe6 43. Rxd6 Ng5+ 44. Kg3 1-0

[Event "RUS-ch sf"]
[White "Rakhimov, Zinnour K"]
[Black "Kruglikov, Petr"]
[Site "Krasnodar"]
[Round "?"]
[Result "0-1"]
[Date "1997.??.??"]
[WhiteElo "2290"]
[BlackElo "2320"]
[PlyCount "86"]
[EventDate "1997.??.??"]
[EventType "swiss"]
[EventRounds "9"]
[EventCountry "RUS"]
[SourceTitle "EXT 2000"]
[Source "ChessBase"]
[SourceDate "1999.11.16"]
[SourceVersion "1"]
[SourceVersionDate "1999.11.16"]
[SourceQuality "1"]

1. e4 g6 2. d4 Bg7 3. Nf3 c6 4. h3 d5 5. e5 Bf5 6. Nc3 Nd7 7. g4 Be6 8. Ng5 Nf8 9. Be3 Bc8 10. Be2 f6 11. Nf3 Nh6 12. Qd2 Nf7 13. exf6 exf6 14. 0-0-0 Ne6 15. Nh4 f5 16. Ng2 Nd6 17. f3 0-0 18. h4 Bd7 19. Nf4 fxg4 20. Nxe6 Bxe6 21. fxg4 b5 22. h5 b4 23. Nb1 Ne4 24. Qe1 g5 25. Nd2 Rb8 26. h6 Bf6 27. Bd3 Qa5 28. Bxe4 dxe4 29. Nxe4 Qxa2 30. Nxf6+ Rxf6 31. Bxg5 b3 32. Qe5 bxc2 33. Qxb8+ Rf8 34. Qxf8+ Kxf8 35. Rdf1+ Kg8 36. Kxc2 Bb3+ 37. Kc3 Bc4 38. Rf5 Qb3+ 39. Kd2 Qxb2+ 40. Ke3 Qe2+ 41. Kf4 Bd3 42. Rc5 Qe4+ 43. Kg3 Qxh1 0-1

[Event "Moscow-1"]
[White "Rakhimov, Zinnour K"]
[Black "Odeev, Handszar"]
[Site "Moscow"]
[Round "8"]
[Result "1/2-1/2"]
[Date "1997.??.??"]
[WhiteElo "2290"]
[BlackElo "2420"]
[PlyCount "61"]
[EventDate "1997.??.??"]
[EventType "tourn"]
[EventRounds "11"]
[EventCountry "RUS"]
[EventCategory "7"]
[SourceTitle "EXT 2000"]
[Source "ChessBase"]
[SourceDate "1999.11.16"]
[SourceVersion "1"]
[SourceVersionDate "1999.11.16"]
[SourceQuality "1"]

1. e4 c5 2. c4 d6 3. Ne2 Nf6 4. Nbc3 Qa5 5. d3 e6 6. Bd2 Qc7 7. g3 Nc6 8. Bg2 a6 9. 0-0 Rb8 10. Bg5 Be7 11. d4 0-0 12. Rc1 h6 13. Be3 Ng4 14. Bf4 Nxd4 15. Nxd4 cxd4 16. Qxd4 e5 17. Qa7 Be6 18. Nd5 Bxd5 19. cxd5 Qa5 20. Bh3 Nf6 21. Be3 Nxe4 22. Rfd1 Bg5 23. Bf5 Bxe3 24. Qxe3 Nf6 25. Qb3 Rfe8 26. Rc4 Re7 27. Ra4 Qc5 28. Rxa6 e4 29. Ra3 Re5 30. Bh3 Rxd5 31. Bg2 1/2-1/2

[Event "Moscow-1"]
[White "Rakhimov, Zinnour K"]
[Black "Zhidkov, Valery S"]
[Site "Moscow"]
[Round "2"]
[Result "0-1"]
[Date "1997.??.??"]
[WhiteElo "2290"]
[BlackElo "2335"]
[PlyCount "69"]
[EventDate "1997.??.??"]
[EventType "tourn"]
[EventRounds "11"]
[EventCountry "RUS"]
[EventCategory "7"]
[SourceTitle "EXT 2000"]
[Source "ChessBase"]
[SourceDate "1999.11.16"]
[SourceVersion "1"]
[SourceVersionDate "1999.11.16"]
[SourceQuality "1"]

1. e4 e5 2. Bc4 Nf6 3. Nc3 Bb4 4. Nf3 d6 5. d3 c6 6. Bd2 0-0 7. Bb3 Na6 8. h3 Nc5 9. 0-0 a5 10. a3 Nxb3 11. cxb3 Bc5 12. Bg5 h6 13. Be3 Bxe3 14. fxe3 Qb6 15. Qe2 Qxb3 16. Nh4 Nh7 17. Nf5 Bxf5 18. exf5 Nf6 19. g4 d5 20. e4 dxe4 21. dxe4 Rfd8 22. h4 h5 23. gxh5 Rd4 24. Qg2 Nxh5 25. Kh1 Rd3 26. Rf3 Nf4 27. Qg3 Rxf3 28. Qxf3 Rd8 29. Qg4 f6 30. Rg1 Rd7 31. Ne2 Qh3+ 32. Qxh3 Nxh3 33. Re1 Nf2+ 34. Kg2 Nxe4 35. Kf3 0-1